Joanak-Joan (Record no. 173081)

MARC details
000 -LEADER
campo de control de longitud fija 00695nam a2200205 4500
001 - NÚMERO DE CONTROL
campo de control 173081
003 - IDENTIFICADOR DE NÚMERO DE CONTROL
campo de control ES-MaACL
005 - FECHA Y HORA DE LA ÚLTIMA TRANSACCIÓN
campo de control 20230906215128.0
008 - DATOS DE LONGITUD FIJA--INFORMACIÓN GENERAL
campo de control de longitud fija 091028s1955 sp |||| | baq d
080 ## - NÚMERO DE LA CLASIFICACIÓN DECIMAL UNIVERSAL
Número de la Clasificación Decimal Universal 821.361-3"19"
100 1# - ENTRADA PRINCIPAL--NOMBRE DE PERSONA
Nombre de persona Etxaide Itharte, Yon.
9 (RLIN) 48300
245 10 - MENCIÓN DEL TÍTULO
Título Joanak-Joan
Resto del título : Piarres Topet Etxahun Barkoxtar koblariani buruz egin eleberria /
Mención de responsabilidad, etc. Etxaide'tar Yon ; Santos Etxeberria'ren irudiak.
260 ## - PUBLICACIÓN, DISTRIBUCIÓN, ETC.
Lugar de publicación, distribución, etc. Zarautz :
Nombre del editor, distribuidor, etc. Itxaropena,
Fecha de publicación, distribución, etc. 1955.
300 ## - DESCRIPCIÓN FÍSICA
Extensión 279, [2] p. :
Otras características físicas il. ;
Dimensiones 19 cm.
490 1# - MENCIÓN DE SERIE
Mención de serie Kuliska Sorta. 9-10
700 1# - ENTRADA AGREGADA--NOMBRE PERSONAL
Nombre de persona Echeberria, Santos.
9 (RLIN) 141487
830 0# - PUNTO DE ACCESO ADICIONAL DE SERIE-TÍTULO UNIFORME
Título uniforme Kuliska Sorta. 9-10
9 (RLIN) 223480
852 4# - LOCALIZACIÓN
Ubicación ES-MaACL
Número de control de estantería C-10626
itemnumber R.37950
Holdings
Estatus retirado Estado de pérdida Estado de daño No para préstamo Biblioteca de origen Biblioteca actual Ubicación en estantería Fecha de adquisición Fuente de adquisición Total de préstamos Signatura topográfica completa Código de barras Visto por última vez Precio de reemplazo Tipo de ítem Koha
        Biblioteca del Ateneo de Madrid Biblioteca del Ateneo de Madrid Sala Palomar 28/10/2009     C-10626 1181613 23/02/2023 23/02/2023 Libro impreso